| 000 | 00929cam a2200205 a 4500 | ||
|---|---|---|---|
| 001 | 16479989 | ||
| 005 | 20260109073734.0 | ||
| 008 | 100928s2011 cou b 001 0 eng | ||
| 010 | _a 2010040980 | ||
| 020 |
_a9780813344928 _qpbk. : alk. paper |
||
| 020 |
_a0813344921 _qpbk. : alk. paper |
||
| 082 | _a323.01 BOE | ||
| 100 | 1 | _aBoersema, David. | |
| 245 | 1 | 0 |
_aPhilosophy of human rights : _btheory and practice / _cDavid Boersema. |
| 260 |
_aLondon : _bWestview Press, _c2011. |
||
| 300 |
_axi, 444 p. ; _c23 cm. |
||
| 505 | 0 | _aThe nature of rights -- The justification of rights -- The content and scope of rights -- Rights holders -- Criticisms of rights -- Rights and political discourse -- Global rights discourse -- Right to free expression -- Employment rights -- Right to privacy -- Intellectual property rights -- Victims' rights -- Children's rights. | |
| 650 | 0 |
_aHuman rights _xPhilosophy. |
|
| 942 |
_2ddc _cBK |
||
| 999 |
_c111745 _d111745 |
||